[Event "Lazarevskoe op"]
[Site "Lazarevskoe"]
[Date "2013.06.??"]
[Round "2"]
[White "Barsegian, Ararat"]
[Black "Beshukova, Alina"]
[Result "0-1"]
[WhiteElo "2124"]
[BlackElo "1666"]
[PlyCount "58"]
[EventDate "2013.06.03"]
[EventType "swiss"]
[EventRounds "9"]
[EventCountry "RUS"]
[SourceTitle "EXT 2015"]
[Source "ChessBase"]
[SourceDate "2014.11.20"]
[SourceVersion "1"]
[SourceVersionDate "2014.11.20"]
[SourceQuality "1"]

1. e4 c5 2. Nf3 a6 3. c3 d5 4. exd5 Qxd5 5. d4 Nf6 6. Be3 cxd4 7. cxd4 e6 8. Nc3 Qd6 9. Be2 Be7 10. 0-0 0-0 11. h3 Nc6 12. Qd2 Nd5 13. a3 b5 14. Ne4 Qc7 15. Rac1 Qb6 16. Nc5 Rd8 17. b4 a5 18. Rb1 a4 19. Bd3 Nxe3 20. Qxe3 g6 21. Ne5 Nxd4 22. Rfd1 Nf5 23. Bxf5 exf5 24. Rxd8+ Bxd8 25. Re1 Bf6 26. Nf3 Be6 27. Nd3 Qxe3 28. Rxe3 Bc4 29. Nd2 Bg5 0-1

[Event "Lazarevskoe op"]
[Site "Lazarevskoe"]
[Date "2013.06.??"]
[Round "5"]
[White "Barsegian, Ararat"]
[Black "Karpenko, Dmitrii"]
[Result "1-0"]
[WhiteElo "2124"]
[BlackElo "1728"]
[PlyCount "93"]
[EventDate "2013.06.03"]
[EventType "swiss"]
[EventRounds "9"]
[EventCountry "RUS"]
[SourceTitle "EXT 2015"]
[Source "ChessBase"]
[SourceDate "2014.11.20"]
[SourceVersion "1"]
[SourceVersionDate "2014.11.20"]
[SourceQuality "1"]

1. e4 e5 2. Nc3 Nf6 3. Bc4 Nc6 4. d3 h6 5. f4 Bb4 6. Nf3 d6 7. 0-0 Bg4 8. Bb5 0-0 9. Bxc6 Bxc3 10. Bxb7 Bd4+ 11. Kh1 Rb8 12. c3 Bxc3 13. bxc3 Rxb7 14. h3 Bxf3 15. Qxf3 Qe7 16. fxe5 Qxe5 17. Bxh6 Qh5 18. Be3 Qxf3 19. Rxf3 c5 20. Bg5 Ne8 21. Rff1 f6 22. Be3 Rff7 23. Rfb1 Rb6 24. Rb3 Rfb7 25. Rab1 Kf7 26. d4 cxd4 27. Bxd4 Rxb3 28. Rxb3 Re7 29. Ra3 Rxe4 30. Rxa7+ Ke6 31. a4 Kd5 32. a5 Kc6 33. Kh2 Nc7 34. Bb6 Nd5 35. Rxg7 Nxb6 36. axb6 Kxb6 37. Rf7 Re6 38. h4 Kc5 39. h5 Kd5 40. Kh3 Ke5 41. Kh4 Re8 42. h6 Ke6 43. Rc7 f5 44. Kh5 Rg8 45. Rg7 Rh8 46. Kg6 f4 47. h7 1-0

[Event "Lazarevskoe op"]
[Site "Lazarevskoe"]
[Date "2013.06.??"]
[Round "9"]
[White "Barsegian, Ararat"]
[Black "Krasnov, Vladimir"]
[Result "1-0"]
[WhiteElo "2124"]
[BlackElo "2032"]
[PlyCount "69"]
[EventDate "2013.06.03"]
[EventType "swiss"]
[EventRounds "9"]
[EventCountry "RUS"]
[SourceTitle "EXT 2015"]
[Source "ChessBase"]
[SourceDate "2014.11.20"]
[SourceVersion "1"]
[SourceVersionDate "2014.11.20"]
[SourceQuality "1"]

1. e4 c5 2. Nf3 Nc6 3. d4 cxd4 4. Nxd4 Nf6 5. Nc3 e5 6. Nf5 d5 7. exd5 Bxf5 8. dxc6 Qxd1+ 9. Nxd1 bxc6 10. Ne3 Be6 11. Nc4 Nd7 12. Be3 f6 13. 0-0-0 Bc5 14. a3 Bxc4 15. Bxc4 Bxe3+ 16. fxe3 Ke7 17. Bd3 g6 18. Be4 Rhd8 19. c3 Nc5 20. Bc2 Rxd1+ 21. Rxd1 Rd8 22. Re1 h5 23. b4 Nd3+ 24. Bxd3 Rxd3 25. Kc2 Rd7 26. a4 a6 27. Re2 Ke6 28. Kb3 f5 29. Kc4 f4 30. Kc5 Rd3 31. Rc2 Kd7 32. Kb6 g5 33. Kxa6 Kc7 34. b5 cxb5 35. Kxb5 1-0

[Event "Lazarevskoe op"]
[Site "Lazarevskoe"]
[Date "2013.06.??"]
[Round "4"]
[White "Skripnikov, Velori"]
[Black "Barsegian, Ararat"]
[Result "1-0"]
[WhiteElo "1697"]
[BlackElo "2124"]
[PlyCount "117"]
[EventDate "2013.06.03"]
[EventType "swiss"]
[EventRounds "9"]
[EventCountry "RUS"]
[SourceTitle "EXT 2015"]
[Source "ChessBase"]
[SourceDate "2014.11.20"]
[SourceVersion "1"]
[SourceVersionDate "2014.11.20"]
[SourceQuality "1"]

1. e4 e5 2. Nf3 Nc6 3. d4 exd4 4. Nxd4 Bc5 5. Be3 Qf6 6. c3 Nge7 7. Be2 d5 8. Bf3 dxe4 9. Bxe4 Nxd4 10. Bxd4 Bxd4 11. Qxd4 Qxd4 12. cxd4 c6 13. Nc3 Be6 14. 0-0-0 0-0-0 15. Rhe1 Rd7 16. Re3 Rhd8 17. Ne2 Nf5 18. Red3 Nd6 19. Bf3 Bc4 20. Rc3 Bxe2 21. Bxe2 Kb8 22. Rf3 Ne4 23. Rf4 Nf6 24. Bc4 Kc7 25. Kc2 b5 26. Bb3 c5 27. Kc1 c4 28. Bc2 Nd5 29. Rh4 h6 30. Rh5 Kb6 31. a4 a6 32. axb5 axb5 33. Rf5 f6 34. Rf3 Ra8 35. Bf5 Re7 36. Kb1 b4 37. Bg4 g6 38. Rh3 h5 39. Bf3 Nf4 40. Bxa8 Nxh3 41. gxh3 Re2 42. d5 Kc7 43. d6+ Kd7 44. Bc6+ Kd8 45. Bb5 g5 46. Bxc4 Rxf2 47. Bb5 Rf5 48. Be2 h4 49. Bg4 Re5 50. Rc1 f5 51. Bf3 Kd7 52. Rg1 Re3 53. Bd1 Kxd6 54. Rxg5 Ke5 55. Bg4 b3 56. Rxf5+ Kd4 57. Rf4+ Kd3 58. Rf3 Rxf3 59. Bxf3 1-0

[Event "Nebug Rating op"]
[Site "Nebug"]
[Date "2013.03.30"]
[Round "9"]
[White "Zlydneva, Daria"]
[Black "Barsegian, Ararat"]
[Result "1/2-1/2"]
[WhiteElo "1716"]
[BlackElo "2156"]
[PlyCount "46"]
[EventDate "2013.03.22"]
[EventType "swiss"]
[EventRounds "9"]
[EventCountry "RUS"]
[SourceTitle "EXT 2015"]
[Source "ChessBase"]
[SourceDate "2014.11.20"]
[SourceVersion "1"]
[SourceVersionDate "2014.11.20"]
[SourceQuality "1"]

1. e4 c5 2. Nf3 e6 3. d4 cxd4 4. Nxd4 a6 5. Nc3 Qc7 6. Be2 Nf6 7. 0-0 Nc6 8. Be3 Bb4 9. Nxc6 bxc6 10. Na4 0-0 11. Nb6 Rb8 12. Nxc8 Rfxc8 13. Bxa6 Re8 14. Bd3 Bd6 15. f4 e5 16. f5 Rxb2 17. g4 h6 18. h4 Nd5 19. exd5 e4 20. Be2 Bc5 21. Bxc5 Qg3+ 22. Kh1 Qh3+ 23. Kg1 Qg3+ 1/2-1/2

[Event "Nebug Rating op"]
[Site "Nebug"]
[Date "2013.03.26"]
[Round "5"]
[White "Popov, Kirill"]
[Black "Barsegian, Ararat"]
[Result "1-0"]
[WhiteElo "2116"]
[BlackElo "2156"]
[PlyCount "111"]
[EventDate "2013.03.22"]
[EventType "swiss"]
[EventRounds "9"]
[EventCountry "RUS"]
[SourceTitle "EXT 2015"]
[Source "ChessBase"]
[SourceDate "2014.11.20"]
[SourceVersion "1"]
[SourceVersionDate "2014.11.20"]
[SourceQuality "1"]

1. e4 c5 2. Nf3 e6 3. d4 cxd4 4. Nxd4 Bc5 5. Nb3 Bb6 6. Bd3 Ne7 7. 0-0 0-0 8. Nc3 f5 9. exf5 Nxf5 10. Qh5 d5 11. Bg5 Qd7 12. Bf4 Nc6 13. Rae1 g6 14. Qh3 Qg7 15. Bxf5 Rxf5 16. Bd6 Qf7 17. Qg3 Bd8 18. Nb5 Bd7 19. N5d4 Nxd4 20. Nxd4 Rh5 21. Be5 Bb6 22. Re3 Rf8 23. c3 Bxd4 24. Bxd4 Rf5 25. Re5 h6 26. Rxf5 exf5 27. Re1 f4 28. Qh4 Re8 29. Rxe8+ Qxe8 30. h3 Qf8 31. Bc5 Qxc5 32. Qd8+ Qf8 33. Qxd7 Qf7 34. Qxf7+ Kxf7 35. Kf1 Ke6 36. Ke2 Ke5 37. Kd3 g5 38. f3 h5 39. b3 b5 40. a3 a6 41. a4 Ke6 42. Kd4 Kd6 43. a5 Kc6 44. h4 gxh4 45. Ke5 b4 46. cxb4 Kb5 47. Kxf4 Kxb4 48. Ke5 Kc3 49. Kxd5 Kd3 50. f4 Ke3 51. f5 Kf2 52. f6 Kxg2 53. f7 h3 54. f8Q h2 55. Qg7+ Kf2 56. Qf7+ 1-0

[Event "Doroshkevich Memorial op"]
[Site "Sochi"]
[Date "2012.11.26"]
[Round "1"]
[White "Korneev, Oleg"]
[Black "Barsegian, Ararat"]
[Result "1-0"]
[WhiteElo "2602"]
[BlackElo "2163"]
[PlyCount "101"]
[EventDate "2012.11.26"]
[EventType "swiss"]
[EventRounds "9"]
[EventCountry "RUS"]
[SourceTitle "EXT 2014"]
[Source "ChessBase"]
[SourceDate "2013.11.20"]
[SourceVersion "1"]
[SourceVersionDate "2013.11.20"]
[SourceQuality "1"]

1. d4 Nc6 2. Nf3 d6 3. e4 Nf6 4. Nc3 Bg4 5. Be3 e6 6. h3 Bh5 7. d5 exd5 8. exd5 Bxf3 9. Qxf3 Ne5 10. Qe2 Be7 11. g4 0-0 12. f4 Ng6 13. g5 Nd7 14. h4 Re8 15. 0-0-0 c5 16. h5 Nxf4 17. Bxf4 Bxg5 18. Bxg5 Qxg5+ 19. Qd2 Qxd2+ 20. Kxd2 a6 21. a4 Re5 22. Re1 f5 23. Bd3 Rf8 24. b3 Rxe1 25. Rxe1 Ne5 26. Rf1 g6 27. Nd1 Kg7 28. Ne3 f4 29. Nc4 Nxc4+ 30. bxc4 g5 31. h6+ Kf6 32. Re1 g4 33. Bxh7 Kg5 34. Rh1 Rh8 35. Be4 Rxh6 36. Rxh6 Kxh6 37. a5 Kg5 38. Ke2 Kf6 39. Kf2 Kg5 40. Bh7 Kh4 41. Bf5 Kh3 42. Bc8 Kh4 43. Kg2 f3+ 44. Kf2 Kh3 45. Bf5 Kh4 46. Be4 Kg5 47. Kg3 Kf6 48. Kxg4 Ke5 49. Bxf3 Kd4 50. Kf5 Kxc4 51. Ke6 1-0

[Event "Sochi Lazarevskoe op"]
[Site "Sochi"]
[Date "2012.06.14"]
[Round "1"]
[White "Alchakov, Ratmir"]
[Black "Barsegian, Ararat"]
[Result "1/2-1/2"]
[WhiteElo "1900"]
[BlackElo "2188"]
[PlyCount "102"]
[EventDate "2012.06.14"]
[EventType "swiss"]
[EventRounds "9"]
[EventCountry "RUS"]
[SourceTitle "EXT 2013"]
[Source "ChessBase"]
[SourceDate "2012.11.22"]
[SourceVersion "1"]
[SourceVersionDate "2012.11.22"]
[SourceQuality "1"]

1. d4 Nc6 2. Nf3 d6 3. c4 Nf6 4. Nc3 Bg4 5. e3 Bxf3 6. Qxf3 e5 7. d5 Nb8 8. Bd3 g6 9. e4 Bg7 10. Be3 Nbd7 11. 0-0 0-0 12. Qe2 Ne8 13. b4 f5 14. f3 Qe7 15. Na4 Nb6 16. Nxb6 axb6 17. Rfc1 fxe4 18. fxe4 Nf6 19. c5 Nh5 20. Qd2 Nf4 21. Bf1 Ra3 22. Rab1 Rfa8 23. Rc2 Bh6 24. Kh1 Bg7 25. g3 Nh5 26. Rb3 Rxb3 27. axb3 Nf6 28. Bg2 Ng4 29. Bg1 Ra1 30. Ra2 Bh6 31. Qe2 Rb1 32. Rb2 Rxb2 33. Qxb2 bxc5 34. Qe2 Nf6 35. bxc5 dxc5 36. Qc4 Qf7 37. Qxc5 Bf8 38. Qc3 Bd6 39. Qf3 Kg7 40. Be3 h6 41. Qe2 Qe7 42. Qd2 Ng4 43. h3 Nxe3 44. Qxe3 Bc5 45. Qe2 Qg5 46. Kh2 Qc1 47. Qf1 Qe3 48. Qb1 Qc3 49. Qd1 Qe3 50. h4 Qf2 51. Qf1 Qe3 1/2-1/2

[Event "Shepsi"]
[Site "Shepsi"]
[Date "2011.08.??"]
[Round "1"]
[White "Barsegian, Ararat"]
[Black "Dubov, Alexandr"]
[Result "1-0"]
[WhiteElo "2167"]
[BlackElo "2156"]
[PlyCount "129"]
[EventDate "2011.08.??"]
[EventType "tourn"]
[EventRounds "9"]
[EventCountry "RUS"]
[SourceTitle "EXT 2012"]
[Source "ChessBase"]
[SourceDate "2011.11.24"]
[SourceVersion "1"]
[SourceVersionDate "2011.11.24"]
[SourceQuality "1"]

1. e4 c5 2. Nf3 a6 3. c3 d5 4. exd5 Qxd5 5. d4 Bg4 6. Be2 e6 7. Be3 cxd4 8. cxd4 Nc6 9. 0-0 Nf6 10. Nc3 Qa5 11. a3 Bd6 12. h3 Bh5 13. b4 Qd8 14. Qb3 0-0 15. Rfd1 Nd5 16. Nxd5 exd5 17. Ra2 a5 18. b5 a4 19. Qc2 Bg6 20. Bd3 Na5 21. Bxg6 hxg6 22. Qxa4 Nc4 23. Qb3 Rxa3 24. Rxa3 Bxa3 25. Ne5 Nxe3 26. Qxe3 Bd6 27. Qb3 Bc7 28. Qf3 Qd6 29. g3 Qe6 30. h4 Rd8 31. Re1 Bb6 32. Qf4 Rc8 33. Nf3 Qd7 34. Ne5 Qe8 35. Re3 Bc7 36. Qg4 Bxe5 37. Qe2 Rc4 38. Qb2 Qc8 39. Rxe5 Rc1+ 40. Kg2 Qc4 41. Re8+ Kh7 42. Qe2 Qxd4 43. Re7 Qa1 44. Rxf7 Rg1+ 45. Kf3 Re1 46. Qd3 Rd1 47. Qe2 Re1 48. Qd3 Rd1 49. Qe3 Re1 50. Qd3 Rd1 51. Qc2 Rh1 52. Rxb7 Rh2 53. Rb6 Qh1+ 54. Kg4 Qe4+ 55. Qxe4 dxe4 56. Re6 Rxf2 57. Rxe4 Rb2 58. Re5 Kh6 59. Kf4 Rb4+ 60. Kf3 Rb3+ 61. Ke2 Rb4 62. Rg5 Rb3 63. Kd2 Kh7 64. Kc2 Rb4 65. Kc3 1-0

[Event "Shepsi"]
[Site "Shepsi"]
[Date "2011.08.??"]
[Round "8"]
[White "Barsegian, Ararat"]
[Black "Tsyhanchuk, Stanislav"]
[Result "0-1"]
[WhiteElo "2167"]
[BlackElo "2295"]
[PlyCount "84"]
[EventDate "2011.08.??"]
[EventType "tourn"]
[EventRounds "9"]
[EventCountry "RUS"]
[SourceTitle "EXT 2012"]
[Source "ChessBase"]
[SourceDate "2011.11.24"]
[SourceVersion "1"]
[SourceVersionDate "2011.11.24"]
[SourceQuality "1"]

1. e4 Nf6 2. Nc3 d5 3. e5 d4 4. exf6 dxc3 5. fxg7 cxd2+ 6. Qxd2 Qxd2+ 7. Bxd2 Bxg7 8. 0-0-0 Nc6 9. Ne2 Bd7 10. Bc3 Bh6+ 11. Kb1 Rg8 12. Ng3 Bg7 13. Bxg7 Rxg7 14. Bb5 a6 15. Bxc6 Bxc6 16. Rhg1 e6 17. Nh5 Rxg2 18. Rxg2 Bxg2 19. Rg1 Rd8 20. Kc1 Bf3 21. Nf6+ Ke7 22. Ng8+ Kf8 23. Nf6 h5 24. Rg8+ Ke7 25. Rxd8 Kxd8 26. Kd2 Ke7 27. Ng8+ Kd6 28. Ke3 Bd1 29. c3 Ke5 30. h4 Kf5 31. f3 Kg6 32. Ne7+ Kg7 33. b4 Kf8 34. Nc8 Ba4 35. Kd4 Bd7 36. Na7 Ke7 37. c4 f6 38. f4 Kd6 39. b5 axb5 40. cxb5 e5+ 41. fxe5+ fxe5+ 42. Ke4 Kc5 0-1

[Event "Sochi op"]
[Site "Sochi"]
[Date "2011.06.20"]
[Round "4"]
[White "Barsegian, Ararat"]
[Black "Golod, Ilja"]
[Result "1/2-1/2"]
[WhiteElo "2154"]
[BlackElo "2332"]
[PlyCount "27"]
[EventDate "2011.06.17"]
[EventType "swiss"]
[EventRounds "9"]
[EventCountry "RUS"]
[SourceTitle "EXT 2012"]
[Source "ChessBase"]
[SourceDate "2011.11.24"]
[SourceVersion "1"]
[SourceVersionDate "2011.11.24"]
[SourceQuality "1"]

1. e4 e5 2. Nf3 Nc6 3. Bb5 a6 4. Ba4 Nf6 5. Bxc6 bxc6 6. Nc3 Bb4 7. Nxe5 Qe7 8. Nd3 Bxc3 9. dxc3 Qxe4+ 10. Qe2 Qxe2+ 11. Kxe2 d6 12. f3 h6 13. Be3 c5 14. c4 1/2-1/2

[Event "Sochi op"]
[Site "Sochi"]
[Date "2011.06.17"]
[Round "1"]
[White "Barsegian, Ararat"]
[Black "Mavlyaveev, Vladimir"]
[Result "1-0"]
[WhiteElo "2154"]
[BlackElo "1805"]
[PlyCount "77"]
[EventDate "2011.06.17"]
[EventType "swiss"]
[EventRounds "9"]
[EventCountry "RUS"]
[SourceTitle "EXT 2012"]
[Source "ChessBase"]
[SourceDate "2011.11.24"]
[SourceVersion "1"]
[SourceVersionDate "2011.11.24"]
[SourceQuality "1"]

1. e4 e5 2. Nf3 Nc6 3. Bb5 a6 4. Ba4 g6 5. c3 b5 6. Bb3 d6 7. Qe2 Bg7 8. a4 Rb8 9. axb5 axb5 10. Na3 Na5 11. Bc2 Bd7 12. d4 exd4 13. cxd4 b4 14. Nc4 Nxc4 15. Qxc4 Ne7 16. Bg5 0-0 17. Ra7 c6 18. 0-0 Be6 19. d5 cxd5 20. exd5 Bxd5 21. Qd3 Bb7 22. Re1 f6 23. Bf4 Nc8 24. Raa1 Bxf3 25. Qxf3 Kh8 26. h4 f5 27. Bg5 Bf6 28. Bh6 Bxb2 29. Bxf8 Bxa1 30. Ba4 Nb6 31. Re8 Qxe8 32. Bxe8 Rxe8 33. Bxd6 Re1+ 34. Kh2 Be5+ 35. Bxe5+ Rxe5 36. Qc6 Re4 37. f3 Rxh4+ 38. Kg3 g5 39. Qf6+ 1-0